00493 2200181 4500001002100000005001500021035002000036007000300056008004100059020002200100082001100122084001700133100001700150245004600167260004400213300002900257650002500286INLIS00000000000167420180305113853 a0010-0318000017ta180305 g 0 ind  a978-602-02-8231-2 a297.12 a297.12 AWA a0 aAWANG, Surya1 aAda Masalah? Bersyukurlah! /cAwang Surya aJakarta :bElex Media Komputindo,c2016 axiii, 166 hlm. ;c21 cm. aISLAM. SUMBER AJARAN